000 00259nam a2200109Ia 4500
008 240625s9999 xx 000 0 und d
041 _aeng
082 _a658.4034 TAH
100 _aTAHA HAMDY A
245 _aOPERATIONS RESEARCH AN INTRODUCTION
260 _c2006
999 _c33862
_d33862